000
00233nam a2200097Ia 4500
008
230508s1989 xx 000 0 und d
041
_a
eng
100
_a
MURTHY V.N.S.
245
_a
SOIL MECHANICS AND FOUNDATION ENGG.
260
_c
1989
999
_c
713243
_d
713243